Сборник рассказов в адаптации Максима Опаленко (Бичлэгийн дугаар. 147018)
| 000 -УДИРДЛАГА | |
|---|---|
| Удирдлага | 01408nam a22002177a 4500 |
| 003 - ХЯНАЛТЫН ТОО ТОДОРХОЙЛОГЧ | |
| Код | MN-UlNUM |
| 005 - БИЧИЛТ ХИЙСЭН ОГНОО | |
| Тухайн бичилтийг бичсэн засварласан сүүлийн огноо | 20260410123026.0 |
| 008 - ЕРӨНХИЙ МЭДЭЭЛЭЛ | |
| Ерөнхий мэдээлэл | 260410s2000 ru ||||| |||| 00| 0 rus d |
| 040 ## - БИЧЛЭГ ҮҮСГЭГЧ БАЙГУУЛЛАГА | |
| Бичлэг үүсгэгч номын сангийн код | МУИС-ийн номын сан |
| 084 ## - ББК АНГИЛАЛ | |
| Нэмэлт тусгалт | Бусад |
| ББК ангилал | 84(2)-44 |
| Зохиогчийн гурван тэмдэгт | О-60 |
| Мэдлэгийн ялгаа | 84 - Уран зохиол |
| 100 ## - ЗОХИОГЧ | |
| Зохиогчийн нэр | Опаленко М. |
| 245 ## - ҮНДСЭН ГАРЧИГ | |
| Номын нэр | Сборник рассказов в адаптации Максима Опаленко |
| 246 ## - ЗЭРЭГЦЭЭ ГАРЧИГ | |
| Зэрэгцээ гарчиг | Portrait of girl in glass |
| 260 ## - ГАРАЛТЫН МЭДЭЭ | |
| Хэвлэгдсэн газар | Санкт-Петербург |
| Хэвлэлийн газар | Каро |
| Хэвлэгдсэн он | 2000 |
| 300 ## - МАТЕРИАЛЫН ТОДОРХОЙЛОЛТ | |
| хуудасны тоо | 155с. ; |
| 500 ## - Тайлбар | |
| Дансны дугаар | БС 685-688 |
| 546 ## - ХЭЛНИЙ ТУХАЙ МЭДЭЭ | |
| Хэл | Англи хэл дээр, |
| 942 ## - ЭЛЕМЕНТИЙН ТӨРӨЛ | |
| Зүйлийн төрөл | Ном |
